[Event "Fast tournament"]
[Site "SchemingMind.com"]
[Date "2014.05.20"]
[Round "-"]
[White "alexyongpohweng"]
[Black "JDan"]
[Result "0-1"]
[WhiteCountry "MAS"]
[BlackCountry "POL"]
[WhiteElo "1251"]
[WhiteRD "46"]
[BlackElo "1537"]
[BlackRD "52"]
[GameID "358616"]

1. e4 e6 2. d4 d5 3. exd5 exd5 4. Nf3 Nc6 5. Bb5 Bd7 6. O-O Bd6 7. Bxc6 Bxc6 8. Ne5 Nf6 9. Nf3 O-O 10. Nc3 Ne4
11. Nxe4 dxe4 12. Ne5 Bb5 13. Ng4 Bxf1 14. Qxf1 Qh4 15. h3 f5 16. Ne5 c5 17. Nc4 Be7 18. Ne5 cxd4 19. Nc4 Rac8
0-1

[Event "Fast tournament"]
[Site "SchemingMind.com"]
[Date "2014.05.21"]
[Round "-"]
[White "JDan"]
[Black "alexyongpohweng"]
[Result "1-0"]
[WhiteCountry "POL"]
[BlackCountry "MAS"]
[WhiteElo "1615"]
[WhiteRD "61"]
[BlackElo "1294"]
[BlackRD "47"]
[GameID "358617"]

1. e4 e5 2. Nf3 d6 3. Bc4 Bg4 4. c3 Bxf3 5. Qxf3 Nf6 6. d4 exd4 7. cxd4 Nc6 8. Qd3 Nb4 9. Qb3 a5 10. Bxf7+ Kd7
11. Be6+
1-0

[Event "Fast tournament"]
[Site "SchemingMind.com"]
[Date "2014.05.21"]
[Round "-"]
[White "alexyongpohweng"]
[Black "xarxziux"]
[Result "0-1"]
[WhiteCountry "MAS"]
[BlackCountry "IRL"]
[WhiteElo "1251"]
[WhiteRD "46"]
[BlackElo "1937"]
[BlackRD "104"]
[GameID "358629"]

1. e4 d6 2. d4 Nf6 3. Nc3 e5 4. dxe5 dxe5 5. Bg5 Qxd1+ 6. Nxd1 Nxe4 7. Bd2 Nxd2 8. Kxd2 Bc5 9. Nf3 f6 10. Nc3 Bxf2
11. Nd5 Bb6 12. Nxb6 axb6 13. Ne1 Be6 14. Bb5+ c6 15. Be2 b5 16. Nf3 Na6 17. Rad1 Nc5 18. Kc1 Rxa2 19. Kb1 Na4 20. Rd3 Rxb2+
21. Kc1 Ra2 22. Kb1 b4 23. Rf1 Nc3+ 24. Kc1 Nxe2+ 25. Kd1 Nc3+ 26. Kd2 Bc4 27. Ne1 Bxd3 28. Nxd3 Nd5 29. Nc1 Rxc2+ 30. Kxc2 Ne3+
31. Kb3 Nxf1 32. Ne2 c5 33. Kc4 b6 34. Kb5 b3
0-1

[Event "Fast tournament"]
[Site "SchemingMind.com"]
[Date "2014.05.21"]
[Round "-"]
[White "xarxziux"]
[Black "alexyongpohweng"]
[Result "1-0"]
[WhiteCountry "IRL"]
[BlackCountry "MAS"]
[WhiteElo "1937"]
[WhiteRD "104"]
[BlackElo "1251"]
[BlackRD "46"]
[GameID "358630"]

1. Nf3 d5 2. g3 e6 3. Bg2 Nf6 4. O-O g6 5. b3 Bg7 6. Bb2 O-O 7. c4 dxc4 8. bxc4 Nc6 9. d4 Ne7 10. Nbd2 c6
11. Ne5 Rb8 12. Re1 a6 13. e4 b5 14. c5 Bb7 15. f4 Nd7 16. Nd3 f6 17. Qb3 a5 18. Qxe6+ Rf7 19. a3
1-0

[Event "Fast tournament"]
[Site "SchemingMind.com"]
[Date "2014.05.20"]
[Round "-"]
[White "JDan"]
[Black "xarxziux"]
[Result "0-1"]
[WhiteCountry "POL"]
[BlackCountry "IRL"]
[WhiteElo "1615"]
[WhiteRD "61"]
[BlackElo "1938"]
[BlackRD "119"]
[GameID "358631"]

1. e4 d6 2. f4 Nf6 3. Nc3 g6 4. Bc4 Bg7 5. d3 O-O 6. Qf3 c6 7. Nge2 b5 8. Bb3 b4 9. Na4 Qc7 10. c3 a5
11. Bd2 Na6 12. O-O Bb7 13. a3 c5 14. axb4 axb4 15. f5 Kh8 16. fxg6 fxg6 17. Nf4 Nh5 18. Qg4 Nxf4 19. Rxf4 Rxf4 20. Bxf4 Nb8
21. Qe6 Nc6 22. Bg5 bxc3 23. Ra2 Nd4 24. Qf7 Rf8 25. Qc4 Ne2+
0-1

[Event "Fast tournament"]
[Site "SchemingMind.com"]
[Date "2014.05.20"]
[Round "-"]
[White "xarxziux"]
[Black "JDan"]
[Result "1-0"]
[WhiteCountry "IRL"]
[BlackCountry "POL"]
[WhiteElo "1938"]
[WhiteRD "119"]
[BlackElo "1615"]
[BlackRD "61"]
[GameID "358632"]

1. Nf3 Nf6 2. g3 b6 3. Bg2 Bb7 4. O-O e6 5. c4 d5 6. b3 Bc5 7. d4 Be7 8. Bb2 O-O 9. Nbd2 dxc4 10. bxc4 c5
11. e3 Nc6 12. Ne5 cxd4 13. Nxc6 Bxc6 14. Bxc6 dxe3 15. Bxa8 exf2+ 16. Rxf2 Bc5 17. Ne4 Bxf2+ 18. Kxf2 Nxe4+ 19. Bxe4 Qc7 20. Qd4 f6
21. Rd1 a5 22. Ba3 Rc8 23. Rc1 b5 24. cxb5
1-0

[Event "Fast tournament"]
[Site "SchemingMind.com"]
[Date "2014.05.21"]
[Round "-"]
[White "alexyongpohweng"]
[Black "simpet"]
[Result "0-1"]
[WhiteCountry "MAS"]
[BlackCountry "ENG"]
[WhiteElo "1251"]
[WhiteRD "46"]
[BlackElo "1653"]
[BlackRD "56"]
[GameID "358652"]

1. e4 e5 2. Qh5 d6 3. Bc4 g6 4. Qf3 Nf6 5. Nc3 c6 6. a3 Bg7 7. d3 O-O 8. Be3 b5 9. Ba2 Nbd7 10. Nh3 Bb7
11. O-O Nh5 12. Qe2 Kh8 13. Ng5 Bh6 14. Nxf7+ Rxf7
0-1

[Event "Fast tournament"]
[Site "SchemingMind.com"]
[Date "2014.05.21"]
[Round "-"]
[White "simpet"]
[Black "alexyongpohweng"]
[Result "1-0"]
[WhiteCountry "ENG"]
[BlackCountry "MAS"]
[WhiteElo "1653"]
[WhiteRD "56"]
[BlackElo "1251"]
[BlackRD "46"]
[GameID "358653"]

1. e4 e5 2. Nf3 d6 3. Bc4 Bg4 4. O-O Bxf3 5. Qxf3 Nf6 6. d3 h6 7. Nc3 Nc6 8. Qh3 Nd4 9. Bb3 c6 10. Kh1 Nxb3
11. axb3 Be7 12. f4 O-O 13. fxe5 dxe5 14. Qg3 Nh5 15. Qh3
1-0

[Event "Fast tournament"]
[Site "SchemingMind.com"]
[Date "2014.05.20"]
[Round "-"]
[White "simpet"]
[Black "JDan"]
[Result "1-0"]
[WhiteCountry "ENG"]
[BlackCountry "POL"]
[WhiteElo "1653"]
[WhiteRD "56"]
[BlackElo "1537"]
[BlackRD "52"]
[GameID "358654"]

1. e4 e6 2. d4 d5 3. e5 c5 4. Nf3 Qb6 5. Bg5 Qxb2 6. Nbd2 Qb6 7. c3 Nc6 8. Rb1 Qc7 9. Bb5 a6 10. Bxc6+ Qxc6
11. O-O Be7 12. Nb3 f6 13. Bh4 Qa4 14. Rb2 c4 15. exf6 Nxf6 16. Nbd2 Qa5 17. Ne5 O-O 18. Qc2 Qc7 19. Ndf3 Ba3 20. Rbb1 Ne4
21. Ng5 Nxg5 22. Bxg5 Bd6 23. f4 h6 24. Bh4 b5 25. Qg6 Bxe5 26. fxe5 Rxf1+ 27. Rxf1 Bb7 28. Qxe6+ Kh8 29. Qg6 Bc6 30. Rf7 Be8
31. Qxg7#
1-0

[Event "Fast tournament"]
[Site "SchemingMind.com"]
[Date "2014.05.20"]
[Round "-"]
[White "JDan"]
[Black "simpet"]
[Result "0-1"]
[WhiteCountry "POL"]
[BlackCountry "ENG"]
[WhiteElo "1537"]
[WhiteRD "52"]
[BlackElo "1653"]
[BlackRD "56"]
[GameID "358655"]

1. e4 e5 2. Nf3 Nc6 3. Bc4 d6 4. d3 Bg4 5. h3 Bh5 6. Nbd2 h6 7. O-O Qd7 8. c3 O-O-O 9. Bb5 Kb8 10. Qc2 Nge7
11. d4 exd4 12. cxd4 Nb4 13. Qa4 c6 14. Be2 Bxf3 15. Nxf3 c5 16. Qxd7 Rxd7 17. Bf4 g5 18. Bh2 cxd4 19. Nxd4 Bg7 20. Nf5 Nxf5
21. exf5 Bxb2 22. Rab1 Bc3 23. Rfd1 Ka8 24. a3 Nc6 25. Rxd6 Rxd6 26. Bxd6 Be5 27. Bxe5 Nxe5 28. Rb5 Nc6 29. Bc4 f6 30. Be6 a6
31. Rd5 Rd8 32. Rxd8+ Nxd8 33. g3 Kb8 34. Bd5 Kc7 35. f3 Kd6 36. Be4 b5 37. Kf2 Nc6 38. Ke3 Kc5 39. Bxc6 Kxc6 40. Kd4 h5
41. g4 h4 42. Kc3 a5 43. Kd4 b4 44. axb4 axb4 45. Kc4 b3 46. Kxb3 Kd5 47. Kc3 Ke5 48. Kd3 Kf4 49. Kd4 Kxf3 50. Kd5 Kg3
51. Ke6 Kxh3 52. Kxf6 Kxg4 53. Kg6 h3 54. f6 h2 55. f7 h1=Q 56. f8=Q Qe4+ 57. Kh6 Qe6+ 58. Kh7 Qf5+
0-1

[Event "Fast tournament"]
[Site "SchemingMind.com"]
[Date "2014.05.20"]
[Round "-"]
[White "simpet"]
[Black "xarxziux"]
[Result "0-1"]
[WhiteCountry "ENG"]
[BlackCountry "IRL"]
[WhiteElo "1653"]
[WhiteRD "56"]
[BlackElo "1937"]
[BlackRD "104"]
[GameID "358656"]

1. e4 d6 2. d4 Nf6 3. Nc3 e5 4. d5 Be7 5. Nf3 O-O 6. Be2 Nbd7 7. O-O Nc5 8. b4 Ncxe4 9. Nxe4 Nxe4 10. Qd3 f5
11. c4 a5 12. b5 b6 13. Nd2 Nxd2 14. Qxd2 h6 15. f4 exf4 16. Rxf4 Bg5 17. Qc3 Bxf4 18. Bxf4 Qf6 19. Qc1 Bd7 20. Bh5 Be8
21. Bf3 Bf7 22. Bd2 Rae8 23. Bc3 Qh4 24. Be1 Qd4+ 25. Bf2 Qf6 26. Qf4 Qxa1+
0-1

[Event "Fast tournament"]
[Site "SchemingMind.com"]
[Date "2014.05.20"]
[Round "-"]
[White "xarxziux"]
[Black "simpet"]
[Result "1-0"]
[WhiteCountry "IRL"]
[BlackCountry "ENG"]
[WhiteElo "1938"]
[WhiteRD "119"]
[BlackElo "1610"]
[BlackRD "55"]
[GameID "358657"]

1. Nf3 Nc6 2. d4 d5 3. c4 Bf5 4. cxd5 Qxd5 5. Nc3 Qd7 6. e4 Bg6 7. d5 Nb4 8. a3 Na6 9. Bb5 c6 10. dxc6 Qxd1+
11. Nxd1 Nc5 12. cxb7+
1-0

[Event "Fast tournament"]
[Site "SchemingMind.com"]
[Date "2014.05.22"]
[Round "-"]
[White "alexyongpohweng"]
[Black "Scooter"]
[Result "0-1"]
[WhiteCountry "MAS"]
[BlackCountry "USA"]
[WhiteElo "1251"]
[WhiteRD "46"]
[BlackElo "1755"]
[BlackRD "48"]
[GameID "358711"]

1. e4 c6 2. d4 d5 3. e5 Bf5 4. Nf3 e6 5. Be2 Nd7 6. O-O c5 7. dxc5 Bxc5 8. Nc3 Ne7 9. Bg5 h6 10. Bxe7 Qxe7
11. Nb5 O-O 12. Nc7 Rac8 13. Nb5 a6 14. Nc3 Bb4 15. a3 Bxc3 16. bxc3 Rxc3 17. Nd4 Qg5 18. Nxf5 Qxf5 19. Qd2 Qxc2 20. Qxc2 Rxc2
21. Bd3 Rd2 22. Rfd1 Rxd1+ 23. Rxd1 Nxe5 24. Bf1 Rc8 25. f4 Ng4 26. h3 Ne3 27. Re1 Nxf1 28. Rxf1 Rc3 29. Ra1 Rc2 30. Kh2 f5
31. Kg3 Kf7 32. Kf3 Kf6 33. Kg3 d4 34. Kf3 b5 35. Rd1 e5 36. fxe5+ Kxe5 37. g4 Rc3+
0-1

[Event "Fast tournament"]
[Site "SchemingMind.com"]
[Date "2014.05.22"]
[Round "-"]
[White "Scooter"]
[Black "alexyongpohweng"]
[Result "1-0"]
[WhiteCountry "USA"]
[BlackCountry "MAS"]
[WhiteElo "1755"]
[WhiteRD "48"]
[BlackElo "1251"]
[BlackRD "46"]
[GameID "358712"]

1. d4 d5 2. Nf3 Nf6 3. Bf4 g6 4. e3 Bg7 5. Nbd2 O-O 6. Be2 c6 7. O-O a6 8. h3 b5 9. b3 Bb7 10. c4 bxc4
11. bxc4 dxc4 12. Nxc4 Nd5 13. Bg3 a5 14. Qb3 Qd7 15. e4 Nb4 16. Nb6 Qd8 17. Nxa8 Bxa8 18. Bxb8 Qxb8 19. Rab1 e6 20. a3 Na6
21. Bxa6 Qxb3 22. Rxb3 Rd8 23. e5 f6 24. Rfb1 fxe5 25. dxe5 c5 26. Rb8 Rxb8 27. Rxb8+
1-0

[Event "Fast tournament"]
[Site "SchemingMind.com"]
[Date "2014.05.21"]
[Round "-"]
[White "Scooter"]
[Black "simpet"]
[Result "0-1"]
[WhiteCountry "USA"]
[BlackCountry "ENG"]
[WhiteElo "1755"]
[WhiteRD "48"]
[BlackElo "1653"]
[BlackRD "56"]
[GameID "358713"]

1. d4 d6 2. Nf3 Nf6 3. Bf4 g6 4. e3 Bg7 5. Be2 O-O 6. O-O c5 7. c3 cxd4 8. cxd4 e5 9. dxe5 dxe5 10. Qxd8 Rxd8
11. Bxe5 Nc6 12. Bc3 Bg4 13. Na3 Ne4 14. Bxg7 Kxg7 15. h3 Bxf3 16. Bxf3 Nd2 17. Rfd1 Nxf3+= 18. gxf3 Rxd1+ 19. Rxd1 Rd8 20. Rxd8 Nxd8
21. Nb5 a6 22. Nd6 Kf6 23. a4 Ke6 24. Nc4 Kd5 25. b3 Kc5 26. Kf1 Kb4 27. Nd2 Kc3 28. Ke2 Ne6 29. h4 Nc5 30. e4 Nxb3
31. Nxb3 Kxb3 32. f4 Kxa4 33. h5 Kb3 34. hxg6 hxg6 35. Kd3 a5 36. e5 a4 37. f5 gxf5
0-1

[Event "Fast tournament"]
[Site "SchemingMind.com"]
[Date "2014.05.21"]
[Round "-"]
[White "simpet"]
[Black "Scooter"]
[Result "0-1"]
[WhiteCountry "ENG"]
[BlackCountry "USA"]
[WhiteElo "1653"]
[WhiteRD "56"]
[BlackElo "1755"]
[BlackRD "48"]
[GameID "358714"]

1. d4 Nf6 2. Nc3 g6 3. Nf3 Bg7 4. e3 O-O 5. Bd3 d6 6. O-O Bg4 7. Be2 Nbd7 8. Nd2 Bxe2 9. Qxe2 Re8 10. e4 e5
11. d5 a6 12. Nf3 c5 13. dxc6 bxc6 14. Bg5 Qb6 15. b3 d5 16. exd5 cxd5 17. Bxf6 Nxf6 18. Na4 Qb5 19. Qxb5 axb5 20. Nc3 b4
21. Na4 Rac8 22. Rac1 Bh6 23. Rce1 Rxc2 24. Nxe5 Rxa2 25. Nc6 Rxe1 26. Rxe1 Bd2 27. Rd1 Ne4 28. f3 Nc3 29. Nxb4 Rxa4 30. bxa4 Nxd1
31. Nxd5 Ba5 32. Kf1 Nc3 33. Nxc3 Bxc3 34. Ke2 Ba5 35. g4 Kg7 36. Ke3 Kf6 37. h4 Ke5 38. f4+ Kd5 39. Kf3 h6 40. h5 gxh5
41. gxh5 f5
0-1

[Event "Fast tournament"]
[Site "SchemingMind.com"]
[Date "2014.05.21"]
[Round "-"]
[White "Scooter"]
[Black "JDan"]
[Result "0-1"]
[WhiteCountry "USA"]
[BlackCountry "POL"]
[WhiteElo "1745"]
[WhiteRD "46"]
[BlackElo "1615"]
[BlackRD "61"]
[GameID "358715"]

1. d4 Nf6 2. Bf4 e6 3. Nf3 b6 4. e3 Bb7 5. Nbd2 Bb4 6. c3 Be7 7. h3 O-O 8. Be2 c5 9. O-O cxd4 10. cxd4 d6
11. Rc1 h6 12. b4 Nbd7 13. Nc4 Ne4 14. Nfd2 Nxd2 15. Qxd2 Nf6 16. a3 Ne4 17. Qb2 Ba6 18. Rfe1 d5 19. Ne5 Bxe2 20. Rxe2 Rc8
21. Rxc8 Qxc8 22. Rc2 Qb7 23. Nc6 Bd6 24. Bxd6 Nxd6 25. Qb3 Nc4 26. b5 Ra8 27. a4 a6 28. bxa6 Qxc6
0-1

[Event "Fast tournament"]
[Site "SchemingMind.com"]
[Date "2014.05.21"]
[Round "-"]
[White "JDan"]
[Black "Scooter"]
[Result "0-1"]
[WhiteCountry "POL"]
[BlackCountry "USA"]
[WhiteElo "1615"]
[WhiteRD "61"]
[BlackElo "1745"]
[BlackRD "46"]
[GameID "358716"]

1. e4 c6 2. c4 d5 3. cxd5 cxd5 4. exd5 Qxd5 5. Nc3 Qd8 6. d4 a6 7. Bc4 e6 8. Nf3 b5 9. Bb3 Bb7 10. O-O Nf6
11. Re1 Bb4 12. Ng5 Bxc3 13. bxc3 O-O 14. Nxf7 Rxf7 15. Bxe6 Bd5 16. Bxf7+ Bxf7 17. Ba3 Nc6 18. Re3 Nd5 19. Rg3 Qa5 20. Qg4 g6
21. Qd7 Qxa3 22. Qxc6 Re8 23. h3 Qb2 24. Rf1 Qxa2 25. f4 Ne3 26. Re1 Qd2 27. Ra1 Nf5 28. Rg5 Re1+ 29. Rxe1 Qxe1+ 30. Kh2 Ne3
31. Qxa6 Nf1+ 32. Kg1 Ng3+ 33. Kh2 Ne2 34. h4 Qxh4#
0-1

[Event "Fast tournament"]
[Site "SchemingMind.com"]
[Date "2014.05.21"]
[Round "-"]
[White "Scooter"]
[Black "xarxziux"]
[Result "1-0"]
[WhiteCountry "USA"]
[BlackCountry "IRL"]
[WhiteElo "1745"]
[WhiteRD "46"]
[BlackElo "1938"]
[BlackRD "119"]
[GameID "358717"]

1. d4 d6 2. Nf3 Nf6 3. Bf4 Nbd7 4. e3 c6 5. Nbd2 Nh5 6. Be2 Nxf4 7. exf4 g6 8. O-O Bg7 9. c3 O-O 10. Qc2 b5
11. Rfe1 Bb7 12. f5 a6 13. fxg6 hxg6 14. Bd3 c5 15. Ng5 cxd4 16. Bxg6 fxg6 17. Qxg6 Rf6 18. Qh7+ Kf8 19. Re6 Bd5 20. Rxf6+ Nxf6
21. Qd3 dxc3 22. bxc3 Qd7 23. Re1 Qg4 24. Ndf3 Bxf3 25. Nxf3 Rc8 26. h3 Qc4 27. Qe3 Rc7 28. Ng5 e5 29. Qb6 Qxc3 30. Qxc7 Qxe1+
31. Kh2 Ke8 32. Qf7+
1-0

[Event "Fast tournament"]
[Site "SchemingMind.com"]
[Date "2014.05.21"]
[Round "-"]
[White "xarxziux"]
[Black "Scooter"]
[Result "1-0"]
[WhiteCountry "IRL"]
[BlackCountry "USA"]
[WhiteElo "1937"]
[WhiteRD "104"]
[BlackElo "1755"]
[BlackRD "48"]
[GameID "358718"]

1. Nf3 Nf6 2. g3 g6 3. Bg2 Bg7 4. O-O O-O 5. d4 d5 6. c4 c6 7. b3 Bg4 8. Bb2 Nbd7 9. Nbd2 Re8 10. h3 Bxf3
11. Nxf3 e6 12. e3 Qc7 13. Rc1 Rac8 14. Nd2 dxc4 15. bxc4 e5 16. d5 Qd6 17. e4 cxd5 18. exd5 b6 19. Qa4 Nc5 20. Ba3 Qd7
21. Qxd7 Nfxd7 22. Ne4 Bf8 23. Bxc5 Nxc5 24. Nf6+ Kg7 25. Nxe8+ Rxe8 26. Rc3 e4 27. Re1 f5 28. Kf1 Nd3 29. Rxd3
1-0

[Event "Fast tournament"]
[Site "SchemingMind.com"]
[Date "2014.05.22"]
[Round "-"]
[White "Kid A"]
[Black "alexyongpohweng"]
[Result "1-0"]
[WhiteCountry "FIN"]
[BlackCountry "MAS"]
[WhiteElo "1953"]
[WhiteRD "61"]
[BlackElo "1251"]
[BlackRD "46"]
[GameID "358746"]

1. e4 e5 2. Nf3 d6 3. d4 exd4 4. Nxd4 Nf6 5. Nc3 Be7 6. Bc4 O-O 7. O-O c6 8. Qe2 b5 9. Bd3 c5 10. Ndxb5 a6
11. Na3 Nc6 12. f3 Nb4 13. Bc4 Nc6 14. Be3 Bb7 15. Rad1 Nd7 16. Nd5 Bf6 17. c3 a5 18. f4 Nb6 19. Nxb6 Qxb6 20. Rxd6 Be7
21. Rdd1 Rfd8 22. Bd5 Kf8 23. Qh5 Ke8 24. Qxf7+ Kd7 25. Bxc6+ Kc7 26. Bxb7 Qxb7 27. Qxe7+ Kc8 28. Rxd8#
1-0

[Event "Fast tournament"]
[Site "SchemingMind.com"]
[Date "2014.05.22"]
[Round "-"]
[White "alexyongpohweng"]
[Black "Kid A"]
[Result "0-1"]
[WhiteCountry "MAS"]
[BlackCountry "FIN"]
[WhiteElo "1251"]
[WhiteRD "46"]
[BlackElo "1953"]
[BlackRD "61"]
[GameID "358747"]

1. e4 e5 2. Qh5 Nc6 3. Bc4 g6 4. Qf3 Qf6 5. c3 Bc5 6. b4 Be7 7. Qxf6 Nxf6 8. Bd3 O-O 9. Ba3 d5 10. exd5 Nxd5
11. c4 Ndxb4 12. Bxb4 Nxb4 13. Ke2 Nxd3 14. Kxd3 Bf5+ 15. Ke2 Rad8 16. Nc3 Bd3+ 17. Ke1 Bxc4 18. Nf3 Rfe8 19. a3 Bf6 20. Rb1 e4
21. Ng1 Bxc3 22. dxc3 Rd3 23. Ne2 Red8 24. f4 exf3 25. gxf3 Re3 26. Rb2 Rde8 27. h3 Rxe2+ 28. Rxe2 Rxe2+ 29. Kd1 Ra2 30. Kc1 Ra1+
0-1

[Event "Fast tournament"]
[Site "SchemingMind.com"]
[Date "2014.05.22"]
[Round "-"]
[White "Kid A"]
[Black "Scooter"]
[Result "1-0"]
[WhiteCountry "FIN"]
[BlackCountry "USA"]
[WhiteElo "1880"]
[WhiteRD "74"]
[BlackElo "1745"]
[BlackRD "46"]
[GameID "358748"]

1. e4 c6 2. d4 d5 3. Nc3 dxe4 4. Nxe4 Bf5 5. Ng3 Bg6 6. Nf3 Nd7 7. Bd3 Bxd3 8. Qxd3 Qc7 9. O-O O-O-O 10. c4 e6
11. Ne4 Ngf6 12. Bg5 Be7 13. Bh4 Nc5 14. Nxc5 Bxc5 15. Qe3 Bb6 16. c5 Ba5 17. a3 Qd7 18. Ne5 Qe8 19. Nc4 Bc7 20. Bg3 Qe7
21. Bd6 Bxd6 22. cxd6 Qd7 23. Qg5 Ne8 24. Qa5 Nxd6 25. Nxd6+ Qxd6 26. Qxa7 Qxd4 27. Qa8+ Kc7 28. Qa5+ Qb6 29. Qe5+ Kc8 30. Qxg7 Qc7
31. Qc3 Rhg8 32. b4 Rd5 33. Rad1 Qd7 34. Qc2 h5 35. g3 h4 36. Rxd5 Qxd5 37. Qh7 Qg5 38. Qxf7 Rg6 39. Qe8+ Kc7 40. Rd1 h3
41. Rd7+ Kb6 42. Rd1 Kc7 43. b5 e5 44. Qd7+
1-0

[Event "Fast tournament"]
[Site "SchemingMind.com"]
[Date "2014.05.22"]
[Round "-"]
[White "Scooter"]
[Black "Kid A"]
[Result "0-1"]
[WhiteCountry "USA"]
[BlackCountry "FIN"]
[WhiteElo "1745"]
[WhiteRD "46"]
[BlackElo "1880"]
[BlackRD "74"]
[GameID "358749"]

1. d4 d5 2. Nf3 Nf6 3. Bf4 e6 4. e3 c5 5. Bb5+ Bd7 6. Bxd7+ Nbxd7 7. c3 Be7 8. O-O O-O 9. Nbd2 h6 10. h3 Rc8
11. dxc5 Nxc5 12. Nb3 Nfe4 13. Nxc5 Bxc5 14. Nd2 f5 15. Nxe4 fxe4 16. Be5 Qb6 17. Qg4 Rf7 18. b3 Re8 19. Bf4 e5 20. Bxh6 Qxh6
0-1

[Event "Fast tournament"]
[Site "SchemingMind.com"]
[Date "2014.05.22"]
[Round "-"]
[White "Kid A"]
[Black "simpet"]
[Result "1-0"]
[WhiteCountry "FIN"]
[BlackCountry "ENG"]
[WhiteElo "1880"]
[WhiteRD "74"]
[BlackElo "1610"]
[BlackRD "55"]
[GameID "358750"]

1. Nf3 e6 2. e4 Bc5 3. d4 Bb6 4. Nc3 Nf6 5. Bd3 d5 6. e5 Ne4 7. Nxe4 dxe4 8. Bxe4 c6 9. O-O O-O 10. Qd3 Na6
11. Bxh7+ Kh8 12. c3 c5 13. Ng5 cxd4 14. Qh3
1-0

[Event "Fast tournament"]
[Site "SchemingMind.com"]
[Date "2014.05.22"]
[Round "-"]
[White "simpet"]
[Black "Kid A"]
[Result "0-1"]
[WhiteCountry "ENG"]
[BlackCountry "FIN"]
[WhiteElo "1610"]
[WhiteRD "55"]
[BlackElo "1880"]
[BlackRD "74"]
[GameID "358751"]

1. e4 e5 2. Bc4 Nc6 3. Nf3 Nf6 4. Nc3 Bc5 5. O-O d6 6. d3 h6 7. Na4 Bb6 8. Nxb6 axb6 9. c3 Bg4 10. Be3 O-O
11. b4 d5 12. Bb3 dxe4 13. dxe4 Qxd1 14. Bxd1 Nxe4 15. b5 Nb8 16. Nxe5 Bxd1 17. Rfxd1 Nxc3 18. Rdc1 Ne2+
0-1

[Event "Fast tournament"]
[Site "SchemingMind.com"]
[Date "2014.05.22"]
[Round "-"]
[White "Kid A"]
[Black "JDan"]
[Result "1-0"]
[WhiteCountry "FIN"]
[BlackCountry "POL"]
[WhiteElo "1880"]
[WhiteRD "74"]
[BlackElo "1615"]
[BlackRD "61"]
[GameID "358752"]

1. e4 e6 2. d4 d5 3. e5 c5 4. c3 Qb6 5. Nf3 Nc6 6. Bd3 cxd4 7. cxd4 Nxd4 8. Nxd4 a6 9. O-O Bd7 10. Nf3 f6
11. Nc3 Bc5 12. Rb1 f5 13. Na4 Qc7 14. Nxc5 Qxc5 15. Be3 Qc7 16. Rc1 Bc6 17. Nd4 Qxe5 18. Nxc6 bxc6 19. Rxc6 Kf7 20. Re1 Qxb2
21. Rc7+ Ne7 22. Bc5 Rhe8 23. Bxf5 Qb8 24. Bxe6+ Kf8 25. Qf3#
1-0

[Event "Fast tournament"]
[Site "SchemingMind.com"]
[Date "2014.05.22"]
[Round "-"]
[White "JDan"]
[Black "Kid A"]
[Result "0-1"]
[WhiteCountry "POL"]
[BlackCountry "FIN"]
[WhiteElo "1615"]
[WhiteRD "61"]
[BlackElo "1880"]
[BlackRD "74"]
[GameID "358753"]

1. e4 e5 2. Nf3 Nc6 3. Bc4 Nf6 4. Ng5 d5 5. exd5 Na5 6. Qe2 Nxc4 7. Qxc4 Nxd5 8. d4 Be7 9. Nf3 exd4 10. Qxd4 Bf6
11. Qd3 O-O 12. O-O Bg4 13. Nfd2 Re8 14. h3 Be2 15. Qb3 Bxf1 16. Nxf1 b6 17. Be3 Nxe3 18. Nxe3 c5 19. Na3 Bd4 20. Nd5 Re2
21. Rf1 Re5 22. Nf4 Qf6 23. Nd5 Qe6 24. c4 Rc8 25. Nb5 Qd7 26. Nxd4 cxd4 27. Rd1 Qf5 28. Rxd4 Re1+ 29. Kh2 Qe5+ 30. Rf4 g5
31. Qg3 Rc6 32. Rg4 h6 33. h4 Qxg3+ 34. Kxg3 f5 35. Rd4 Kf7 36. hxg5 hxg5 37. f4 g4 38. b3 Re2 39. a3 Rb2 40. Rd3 Re6
41. Ne3 Kg6 42. Kh4 Re2 43. Nf1 Rxg2 44. Rd7 Rf2 45. Ng3 Rh2#
0-1

[Event "Fast tournament"]
[Site "SchemingMind.com"]
[Date "2014.05.22"]
[Round "-"]
[White "Kid A"]
[Black "xarxziux"]
[Result "0-1"]
[WhiteCountry "FIN"]
[BlackCountry "IRL"]
[WhiteElo "1880"]
[WhiteRD "74"]
[BlackElo "1938"]
[BlackRD "119"]
[GameID "358754"]

1. e4 d6 2. d4 Nf6 3. Nc3 e5 4. dxe5 dxe5 5. Qxd8+ Kxd8 6. Bg5 Be6 7. O-O-O+ Nd7 8. Nf3 Kc8 9. Bb5 c6 10. Be2 Bb4
11. Bxf6 gxf6 12. a3 Bxc3 13. bxc3 Nc5 14. Bd3 Rg8 15. Rhg1 Kc7 16. h3 Rad8 17. g4 Na4 18. c4 Nb6 19. Nd2 Rd4 20. Nb3 Rd7
21. Nc5 Rd4 22. c3 Rd6 23. Nxe6+ fxe6 24. Be2 Rxd1+ 25. Rxd1 Na4 26. Kc2 Nc5 27. f3 Rd8 28. Rxd8 Kxd8 29. Bf1 Ke7 30. Be2 Kd6
31. Bf1 a5 32. Be2 a4 33. Bd1 Nb3 34. Be2 Kc5 35. Bd3 Na5 36. h4 Nxc4
0-1

[Event "Fast tournament"]
[Site "SchemingMind.com"]
[Date "2014.05.22"]
[Round "-"]
[White "xarxziux"]
[Black "Kid A"]
[Result "1-0"]
[WhiteCountry "IRL"]
[BlackCountry "FIN"]
[WhiteElo "1938"]
[WhiteRD "119"]
[BlackElo "1880"]
[BlackRD "74"]
[GameID "358755"]

1. Nf3 d5 2. g3 Nf6 3. Bg2 c5 4. O-O Nc6 5. d4 Bg4 6. Ne5 Bf5 7. Nxc6 bxc6 8. c4 e6 9. Qa4 Qb6 10. Nc3 cxd4
11. cxd5 dxc3 12. dxc6 Rc8 13. c7+ Nd7 14. bxc3 Bd6 15. e4 Bg6 16. Rd1 Qxc7 17. e5 Bxe5 18. Ba3 Bf5 19. Bf1 Bf6 20. Rxd7
1-0

[Event "Fast tournament"]
[Site "SchemingMind.com"]
[Date "2014.05.25"]
[Round "-"]
[White "Kid A"]
[Black "Chessibelle"]
[Result "1-0"]
[WhiteCountry "FIN"]
[BlackCountry "ENG"]
[WhiteElo "1880"]
[WhiteRD "74"]
[BlackElo "1179"]
[BlackRD "56"]
[GameID "358834"]

1. e4 e5 2. Nf3 Nc6 3. Bb5 Nd4 4. Ba4 Nf6 5. O-O Bc5 6. c3 Ne6 7. d4 Bb6 8. Re1 c5 9. dxe5 Ng4 10. h3 Nh6
11. Na3 O-O 12. Nc4 Bc7 13. Nd6 f6 14. Nxc8 Qxc8 15. Bxd7 Qd8 16. Bxe6+
1-0

[Event "Fast tournament"]
[Site "SchemingMind.com"]
[Date "2014.05.25"]
[Round "-"]
[White "Chessibelle"]
[Black "Kid A"]
[Result "0-1"]
[WhiteCountry "ENG"]
[BlackCountry "FIN"]
[WhiteElo "1179"]
[WhiteRD "56"]
[BlackElo "1880"]
[BlackRD "74"]
[GameID "358835"]

1. Nf3 d5 2. d4 Nf6 3. e3 Bg4 4. Be2 e6 5. h3 Bh5 6. g4 Bg6 7. Nc3 c5 8. a3 Nc6 9. Bd2 Be7 10. O-O O-O
11. Na4 Ne4 12. Be1 f5 13. Ne5 Nxe5 14. f3 Bg5 15. f4 Nxg4 16. hxg4 Be7 17. g5 Rc8 18. b3 a6 19. Bh5 Bxh5 20. Qxh5 cxd4
21. g6 h6 22. Nb2 Rxc2 23. Nd3 Bf6 24. Qd1 dxe3 25. Qxc2 Bxa1 26. Ne5 Bxe5 27. fxe5 Qg5+ 28. Kh1 Qxg6 29. Rg1 Qh5+ 30. Kg2 f4
31. Bf2 exf2 32. Rh1 f3+
0-1